00361nam a2200109Ia 4500008004100000082000800041100001900049245006700068942000600135952009500141999001500236240331s9999 xx 000 0 und d bTHI athiruchelwam,N 0aManida urimaigal arasamaippuvadam panmaiduvamum palvagaimaiyum cL 001040708LaWERCLbWERCLcSSCd2024-03-31l0o 824 THIp6559r2024-03-31w2024-03-31yL c4966d4966